Air Force Roundels - Europe - Statistics

General Stats
  • This quiz has been taken 1,006 times
    1,002 since last reset
  • The average score is 21 of 36
Answer Stats
Picture Answer % Correct
Germany
96%
Spain
89%
Switzerland
89%
Sweden
82%
United Kingdom
79%
Czech Republic
77%
Finland
77%
Ireland
77%
Slovakia
73%
Ukraine
70%
Belgium
68%
Estonia
68%
Romania
68%
Russia
67%
Poland
65%
Albania
64%
Greece
63%
Bulgaria
62%
Norway
62%
France
61%
Italy
58%
Malta
58%
Latvia
57%
Hungary
53%
Netherlands
50%
Austria
42%
Luxembourg
42%
Montenegro
42%
Portugal
38%
Serbia
34%
Croatia
33%
Moldova
32%
Denmark
31%
Slovenia
29%
Lithuania
27%
Macedonia
25%
No matching quizzes found
Score Distribution
Percent of People with Each Score
Percentile by Number Answered
Your Score History
You have not taken this quiz since the last reset